000
00298nam a22001217a 4500
082
_a
621.31042 STI'E
100
_a
SISKIND, C. S,STILL, ALFRED
_9
59132
245
_a
ELEMENTS OF ELECTRICAL MACHINES DESIGN
250
_a
3RD
260
_a
NEWYORK
_b
MCGRAW HILL
_c
1954
300
_a
445P
942
_c
BK
999
_c
569181
_d
569181